| 000 | 00421nam a2200157Ia 4500 | ||
|---|---|---|---|
| 008 | 121003t1987 xxu||||| |||| 00| 0 sin d | ||
| 041 | _asin | ||
| 080 |
_a8 S (3 - 053. 2) (42) (Youth) _bKAL |
||
| 245 | _aඅඳුරු දූපත | ||
| 246 | _aAduru Dupatha | ||
| 260 |
_aPremasiri Kaluarachchi _aColombo _c1987 |
||
| 300 | _b67p, 18\ cm | ||
| 942 | _cBK | ||
| 999 |
_c42881 _d42881 |
||
| 003 | LK-CoDNM | ||
| 040 |
_aLK-CoDNM _dLK-CoDNM _eLK-CoDNM |
||